John James Audubon / (Record no. 363426)
[ view plain ]
| 000 -LEADER | |
|---|---|
| fixed length control field | 00595nam a2200217Ia 4500 |
| 008 - FIXED-LENGTH DATA ELEMENTS--GENERAL INFORMATION | |
| fixed length control field | 200601s9999 xx 000 0 und d |
| 020 ## - INTERNATIONAL STANDARD BOOK NUMBER | |
| International Standard Book Number | 1-57215-360-1 |
| 050 ## - LIBRARY OF CONGRESS CALL NUMBER | |
| Classification number | REF Z 5335 |
| 050 ## - LIBRARY OF CONGRESS CALL NUMBER | |
| Item number | .Z9C54 2004 |
| 100 ## - MAIN ENTRY--PERSONAL NAME | |
| Personal name | Cleary, Margot Keam. |
| 245 #0 - TITLE STATEMENT | |
| Title | John James Audubon / |
| 245 #0 - TITLE STATEMENT | |
| Statement of responsibility, etc | Margot Keam Cleary. |
| 260 ## - PUBLICATION, DISTRIBUTION, ETC. (IMPRINT) | |
| Place of publication, distribution, etc | China : |
| 260 ## - PUBLICATION, DISTRIBUTION, ETC. (IMPRINT) | |
| Name of publisher, distributor, etc | World Publications, |
| 260 ## - PUBLICATION, DISTRIBUTION, ETC. (IMPRINT) | |
| Date of publication, distribution, etc | 2004 |
| 300 ## - PHYSICAL DESCRIPTION | |
| Extent | 112 pages : |
| 300 ## - PHYSICAL DESCRIPTION | |
| Other physical details | color illustrations ; |
| 300 ## - PHYSICAL DESCRIPTION | |
| Dimensions | 37 cm. |
| 650 ## - SUBJECT ADDED ENTRY--TOPICAL TERM | |
| Topical term or geographic name as entry element | Birds -- Bibliography -- Catalogs. |
| 650 ## - SUBJECT ADDED ENTRY--TOPICAL TERM | |
| General subdivision | Birds -- North America -- Bibliography -- Catalogs. |
| Withdrawn status | Lost status | Damaged status | Home library | Current library | Shelving location | Date acquired | Cost, normal purchase price | Total Checkouts | Full call number | Barcode | Date last seen | Price effective from | Koha item type |
|---|---|---|---|---|---|---|---|---|---|---|---|---|---|
| South Mansfield College | South Mansfield College | Reference Section | 06/01/2020 | 850.00 | REF Z 5335 .Z9C54 2004 | SMC00900 | 06/01/2020 | 06/01/2020 |